00310nam a2200121Ia 4500008004100000100002700041245002900068260004200097300000900139650001500148942000800163999001700171190216s9999||||xx |||||||||||||| ||und|| aAlexis Amtonong Joseph 0aMethodology For Research bTheological Publishing In Indiac1986 a134p aReferences cREF c36170d36170